[Event "Olympiad-44"]
[Site "Chennai"]
[Date "2022.07.31"]
[Round "3.1"]
[White "Thing, Bibek"]
[Black "Tin, Jingyao"]
[Result "0-1"]
[WhiteElo "2260"]
[BlackElo "2552"]
[PlyCount "82"]
[EventDate "2022.07.29"]
[EventType "team-swiss"]
[EventRounds "11"]
[EventCountry "IND"]
[SourceTitle "CBM 210"]
[Source "ChessBase"]
[SourceDate "2022.10.31"]
[SourceVersion "1"]
[SourceVersionDate "2022.10.31"]
[SourceQuality "1"]
[WhiteTeam "Nepal"]
[BlackTeam "Singapore"]
[WhiteTeamCountry "NEP"]
[BlackTeamCountry "SIN"]

1. e4 c6 2. d4 d5 3. e5 c5 4. dxc5 e6 5. Be3 Nd7 6. Bb5 Ne7 7. g4 Nc6 8. Nf3 Bxc5 9. Bxc5 Nxc5 10. Nc3 a6 11. Bxc6+ bxc6 12. Qd2 Qb6 13. b3 a5 14. 0-0 0-0 15. g5 Nd7 16. h4 Qb4 17. Kh2 c5 18. Rg1 Bb7 19. a3 Nxe5 20. Nxe5 Qxh4+ 21. Kg2 d4+ 22. f3 dxc3 23. Qxc3 Qxg5+ 24. Kf2 Qh4+ 25. Ke3 f6 26. Nd3 Rac8 27. Nf4 g5 28. Rg4 Qh6 29. Rag1 Rf7 30. Qc4 Re7 31. Kd2 Kh8 32. Nd3 Bxf3 33. R4g3 g4+ 34. Kc3 Qe3 35. Qa6 Qd4+ 36. Kd2 Rd8 37. Qxa5 e5 38. Kc1 c4 39. Rxg4 Bxg4 40. Rxg4 e4 41. bxc4 Rb8 0-1

[Event "Djenovici TS03 Mix 3rd"]
[Site "Djenovici"]
[Date "2022.04.02"]
[Round "4"]
[White "Thing, Bibek"]
[Black "Topalov, Aleksandar"]
[Result "0-1"]
[WhiteElo "2193"]
[BlackElo "2239"]
[PlyCount "82"]
[EventDate "2022.03.30"]
[EventType "swiss"]
[EventRounds "9"]
[EventCountry "MNE"]
[SourceTitle "EXT 2023"]
[Source "ChessBase"]
[SourceDate "2022.10.05"]
[SourceVersion "1"]
[SourceVersionDate "2022.10.05"]
[SourceQuality "1"]

1. e4 e6 2. d4 d5 3. Nc3 Bb4 4. a3 Bxc3+ 5. bxc3 dxe4 6. Qg4 Nf6 7. Qxg7 Rg8 8. Qh6 Rg6 9. Qe3 b6 10. Ne2 Bb7 11. Ng3 Nbd7 12. a4 c5 13. a5 Qc7 14. a6 Bc6 15. Ba3 Ng4 16. Qd2 e3 17. fxe3 Nxh2 18. Ne2 Nxf1 19. Rxf1 Rxg2 20. Qd3 Qh2 21. 0-0-0 Rxe2 22. Rg1 0-0-0 23. dxc5 b5 24. c4 b4 25. Bxb4 Qf2 26. Bd2 Nf6 27. Qxd8+ Kxd8 28. Be1+ Ke7 29. Bxf2 Rxf2 30. Rd6 Be4 31. Rd2 Rf5 32. Kb2 Rxc5 33. Kb3 Ra5 34. Rgd1 Rxa6 35. c5 Rc6 36. Kc4 Rc7 37. Kb5 Bc6+ 38. Kc4 Bd5+ 39. Kd4 Rd7 40. Ke5 Rb7 41. c4 Bxc4 0-1

[Event "Djenovici TS03 IM"]
[Site "Djenovici"]
[Date "2022.03.21"]
[Round "3"]
[White "Thing, Bibek"]
[Black "Musovic, Armin"]
[Result "1-0"]
[WhiteElo "2193"]
[BlackElo "2338"]
[PlyCount "93"]
[EventDate "2022.03.19"]
[EventType "tourn"]
[EventRounds "9"]
[EventCountry "MNE"]
[EventCategory "1"]
[SourceTitle "CBM 207 Extra"]
[Source "ChessBase"]
[SourceDate "2022.05.31"]
[SourceVersion "1"]
[SourceVersionDate "2022.05.31"]
[SourceQuality "1"]

1. e4 c6 2. d4 g6 3. c4 Bg7 4. Nc3 d6 5. Nf3 Bg4 6. Be2 Bxf3 7. Bxf3 Qb6 8. d5 Nd7 9. 0-0 Qb4 10. Be2 Ngf6 11. a3 Qb6 12. Be3 Qxb2 13. Bd4 Nxe4 14. Bxg7 Nxc3 15. Bxh8 Nxe2+ 16. Kh1 Qxh8 17. dxc6 bxc6 18. Qxe2 Qe5 19. Qd3 Qf5 20. Qc3 Nf6 21. Rae1 Kf8 22. Qe3 Qd7 23. Rb1 Kg7 24. Rfe1 Re8 25. h3 e5 26. a4 d5 27. cxd5 cxd5 28. a5 d4 29. Qd2 Qf5 30. f3 Nd5 31. Rb7 Nf4 32. Rxa7 Rb8 33. a6 Rb3 34. Qa2 Rc3 35. Rxe5 Qf6 36. Ree7 Rc1+ 37. Kh2 Kh6 38. Rxf7 Qd6 39. Qd2 g5 40. Rxh7+ Kg6 41. Rag7+ Kf5 42. Rd7 Qb8 43. Qxc1 Ne2+ 44. Qc7 Qb1 45. Rdf7+ Ke6 46. Qd7+ Ke5 47. Re7+ 1-0

[Event "Djenovici TS03 IM"]
[Site "Djenovici"]
[Date "2022.03.20"]
[Round "2"]
[White "Radlovacki, Jovan"]
[Black "Thing, Bibek"]
[Result "1-0"]
[WhiteElo "2263"]
[BlackElo "2193"]
[PlyCount "103"]
[EventDate "2022.03.19"]
[EventType "tourn"]
[EventRounds "9"]
[EventCountry "MNE"]
[EventCategory "1"]
[SourceTitle "CBM 207 Extra"]
[Source "ChessBase"]
[SourceDate "2022.05.31"]
[SourceVersion "1"]
[SourceVersionDate "2022.05.31"]
[SourceQuality "1"]

1. e4 e5 2. Bc4 Nf6 3. d3 Nc6 4. Nc3 Na5 5. Qf3 Bb4 6. Bd2 d6 7. a3 Bxc3 8. Bxc3 Nxc4 9. dxc4 Be6 10. b3 Qd7 11. Qd3 Qc6 12. f3 Nd7 13. Ne2 Nc5 14. Qe3 0-0 15. Bb4 Nd7 16. a4 f5 17. 0-0 Nf6 18. exf5 Bxf5 19. Rac1 b6 20. Nc3 Rae8 21. h3 Bg6 22. Rf2 Nh5 23. Rd1 Nf4 24. a5 Bf5 25. Nd5 Ne6 26. axb6 axb6 27. Kh2 h6 28. Rfd2 Nd4 29. Bc3 Bxc2 30. Rxc2 Nxc2 31. Qe4 Qd7 32. Qxc2 Rf7 33. Qe4 Qd8 34. b4 Qb8 35. b5 Ref8 36. Re1 Qa8 37. f4 exf4 38. Ne7+ Rxe7 39. Qxa8 Rxa8 40. Rxe7 g5 41. Rg7+ Kf8 42. Rxc7 Ra2 43. Kg1 h5 44. Bb4 Ra1+ 45. Kf2 Rd1 46. Rd7 Rc1 47. Rxd6 Kf7 48. Rd4 Ke6 49. h4 Ke5 50. Rd5+ Ke4 51. Rxg5 Rxc4 52. Bd2 1-0

[Event "Chigorin Memorial 28th"]
[Site "St Petersburg"]
[Date "2021.10.30"]
[Round "8"]
[White "Khanin, Semen"]
[Black "Thing, Bibek"]
[Result "1-0"]
[WhiteElo "2521"]
[BlackElo "2148"]
[PlyCount "73"]
[EventDate "2021.10.23"]
[EventType "swiss"]
[EventRounds "9"]
[EventCountry "RUS"]
[SourceTitle "EXT 2023"]
[Source "ChessBase"]
[SourceDate "2022.10.05"]
[SourceVersion "1"]
[SourceVersionDate "2022.10.05"]
[SourceQuality "1"]

1. e4 e5 2. Nf3 Nc6 3. d4 exd4 4. Nxd4 Nf6 5. Nxc6 bxc6 6. e5 Qe7 7. Qe2 Nd5 8. h4 d6 9. c4 Ba6 10. b3 Nb6 11. exd6 cxd6 12. Bb2 f6 13. Nc3 d5 14. Qxe7+ Bxe7 15. cxd5 Bxf1 16. Rxf1 Nxd5 17. Nxd5 cxd5 18. 0-0-0 Rd8 19. Bd4 Kf7 20. Kb2 Rd7 21. Rc1 a5 22. Rc6 a4 23. Rfc1 axb3 24. axb3 Rb8 25. Rc7 Rxc7 26. Rxc7 Ke6 27. h5 g6 28. h6 Rd8 29. Kc3 Rd7 30. Rc6+ Kf5 31. b4 Rb7 32. Bc5 Bxc5 33. Rxc5 Ke5 34. b5 Kd6 35. Kd4 Ra7 36. Rc6+ Ke7 37. Kxd5 1-0

[Event "Chigorin Memorial 28th"]
[Site "St Petersburg"]
[Date "2021.10.27"]
[Round "5"]
[White "Thing, Bibek"]
[Black "Schekachikhin, Maksim"]
[Result "1/2-1/2"]
[WhiteElo "2148"]
[BlackElo "2448"]
[PlyCount "93"]
[EventDate "2021.10.23"]
[EventType "swiss"]
[EventRounds "9"]
[EventCountry "RUS"]
[SourceTitle "EXT 2023"]
[Source "ChessBase"]
[SourceDate "2022.10.05"]
[SourceVersion "1"]
[SourceVersionDate "2022.10.05"]
[SourceQuality "1"]

1. e4 c6 2. d4 d5 3. e5 c5 4. dxc5 e6 5. Be3 Nd7 6. Nf3 Bxc5 7. Bxc5 Nxc5 8. Nbd2 Ne7 9. Nb3 b6 10. Bd3 Nxd3+ 11. cxd3 0-0 12. 0-0 d4 13. Nbxd4 Bb7 14. Rc1 Ng6 15. Qe2 Qd7 16. Qe3 Rfd8 17. Rfd1 h6 18. h3 Ne7 19. Rc2 Rac8 20. Rdc1 Rxc2 21. Rxc2 a5 22. a3 b5 23. Rc5 Bxf3 24. Nxf3 a4 25. d4 Nd5 26. Qd3 Rb8 27. Qc2 b4 28. Ra5 b3 29. Qc4 Rc8 30. Rc5 Ne7 31. Rxc8+ Nxc8 32. Nd2 Nb6 33. Qc5 Nd5 34. Ne4 Nf4 35. Nd6 Qe7 36. Qc6 Qg5 37. Qa8+ Kh7 38. Qe4+ Kg8 39. g3 Nd5 40. Qf3 f6 41. exf6 Qc1+ 42. Kg2 Nxf6 43. Ne4 Qxb2 44. Nxf6+ gxf6 45. Qa8+ Kf7 46. Qb7+ Kg6 47. Qe4+ 1/2-1/2

[Event "Cheliabinsk Panchenko Memorial op-A"]
[Site "Cheliabinsk"]
[Date "2021.09.20"]
[Round "9"]
[White "Thing, Bibek"]
[Black "Pogorelskikh, Sofia"]
[Result "1-0"]
[WhiteElo "2190"]
[BlackElo "2011"]
[PlyCount "83"]
[EventDate "2021.09.13"]
[EventType "swiss"]
[EventRounds "10"]
[EventCountry "RUS"]
[SourceTitle "CBM 204 Extra"]
[Source "ChessBase"]
[SourceDate "2021.11.30"]
[SourceVersion "1"]
[SourceVersionDate "2021.11.30"]
[SourceQuality "1"]

1. Nf3 d5 2. b3 Nf6 3. Bb2 e6 4. e3 b6 5. d4 Bb7 6. Bd3 Nbd7 7. Nbd2 Ne4 8. 0-0 Bd6 9. Ne5 Nxe5 10. dxe5 Bb4 11. Nxe4 dxe4 12. Bb5+ c6 13. Bc4 b5 14. Be2 Qb6 15. Qb1 Be7 16. a4 a5 17. Bd4 Bc5 18. c3 Bxd4 19. cxd4 0-0 20. Rc1 bxa4 21. bxa4 Qxb1 22. Raxb1 Ba6 23. Bxa6 Rxa6 24. Rb7 g5 25. g4 Kg7 26. Kg2 Rc8 27. Rc5 Kg6 28. Kg3 h6 29. h4 gxh4+ 30. Kxh4 Raa8 31. Kg3 Ra6 32. Kf4 Rh8 33. Kxe4 h5 34. gxh5+ Rxh5 35. Rc1 Rg5 36. Rb8 Kg7 37. Rh1 f5+ 38. Kd3 Ra7 39. Rbh8 Ra6 40. R1h7+ Kg6 41. Rc7 c5 42. Rhh7 1-0

[Event "Cheliabinsk Panchenko Memorial op-A"]
[Site "Cheliabinsk"]
[Date "2021.09.19"]
[Round "8"]
[White "Zemlyanskii, Ivan"]
[Black "Thing, Bibek"]
[Result "1/2-1/2"]
[WhiteElo "2013"]
[BlackElo "2190"]
[PlyCount "166"]
[EventDate "2021.09.13"]
[EventType "swiss"]
[EventRounds "10"]
[EventCountry "RUS"]
[SourceTitle "CBM 204 Extra"]
[Source "ChessBase"]
[SourceDate "2021.11.30"]
[SourceVersion "1"]
[SourceVersionDate "2021.11.30"]
[SourceQuality "1"]

1. d4 d5 2. c4 c6 3. Nf3 Nf6 4. Nbd2 g6 5. e3 Bg7 6. Be2 0-0 7. 0-0 Nbd7 8. b3 a6 9. a4 Ne4 10. Bb2 f5 11. a5 h6 12. cxd5 cxd5 13. Ne5 Nxe5 14. dxe5 Qc7 15. Nxe4 dxe4 16. Bc4+ Kh8 17. f4 exf3 18. Qxf3 Bd7 19. Rfc1 Bc6 20. Bd5 Rac8 21. Bxc6 bxc6 22. Rc5 Qb7 23. Bd4 Kh7 24. Rac1 Qxb3 25. Rxc6 Rxc6 26. Rxc6 Qb1+ 27. Qf1 Qe4 28. Qf3 Qd3 29. h4 f4 30. h5 g5 31. Rc3 Qb1+ 32. Qf1 Qe4 33. Qxa6 fxe3 34. Qg6+ Qxg6 35. hxg6+ Kxg6 36. Rxe3 Ra8 37. Bb6 Kf5 38. e6 Be5 39. g4+ Kxe6 40. Bc7 Kd7 41. Bxe5 Rxa5 42. Bg7 Ra4 43. Rg3 Ra6 44. Kg2 Ke8 45. Rf3 Rg6 46. Bb2 Rb6 47. Ba3 Rf6 48. Re3 e6 49. Rb3 Rf4 50. Kg3 Kf7 51. Rb7+ Kg6 52. Bb2 h5 53. Rg7+ Kh6 54. gxh5 Kxh5 55. Bc1 Rf5 56. Re7 Re5 57. Kf3 Rf5+ 58. Ke4 Rc5 59. Be3 Ra5 60. Rxe6 Kg4 61. Kd3 Rb5 62. Rg6 Ra5 63. Ke2 Rb5 64. Kf2 Rb2+ 65. Kg1 Rb1+ 66. Kg2 Rb2+ 67. Bf2 Rb5 68. Rd6 Ra5 69. Rd4+ Kh5 70. Kf3 Rf5+ 71. Kg3 Ra5 72. Be3 Re5 73. Bd2 Rb5 74. Re4 Rd5 75. Be3 Ra5 76. Re8 Rb5 77. Re6 Ra5 78. Rc6 Rb5 79. Rc8 Ra5 80. Rh8+ Kg6 81. Bd4 Rd5 82. Bb2 Rb5 83. Bc3 Rc5 1/2-1/2

[Event "Cheliabinsk Panchenko Memorial op-A"]
[Site "Cheliabinsk"]
[Date "2021.09.13"]
[Round "1"]
[White "Thing, Bibek"]
[Black "Nikitenko, Mihail"]
[Result "0-1"]
[WhiteElo "2190"]
[BlackElo "2501"]
[PlyCount "90"]
[EventDate "2021.09.13"]
[EventType "swiss"]
[EventRounds "10"]
[EventCountry "RUS"]
[SourceTitle "CBM 204 Extra"]
[Source "ChessBase"]
[SourceDate "2021.11.30"]
[SourceVersion "1"]
[SourceVersionDate "2021.11.30"]
[SourceQuality "1"]

1. e4 d6 2. d4 Nf6 3. Nc3 e5 4. Nf3 Nbd7 5. Bc4 Be7 6. 0-0 0-0 7. Re1 c6 8. a4 Qc7 9. h3 b6 10. Bg5 h6 11. Bh4 Bb7 12. Bg3 g6 13. Qd2 Kg7 14. Rad1 a6 15. dxe5 dxe5 16. Bb3 Rfe8 17. Qe2 b5 18. axb5 axb5 19. Ra1 Bd6 20. Rxa8 Rxa8 21. Qe3 b4 22. Nb1 Ba6 23. Nh2 c5 24. c3 c4 25. Bd1 Nc5 26. cxb4 Nd3 27. Rf1 Bxb4 28. Nc3 Bc5 29. Qf3 Qd6 30. Nd5 Nxd5 31. exd5 f5 32. b3 f4 33. Bh4 g5 34. bxc4 Qg6 35. Bc2 Bxc4 36. Rb1 gxh4 37. Rb7+ Kh8 38. Ng4 Bd6 39. Nf6 Ra1+ 40. Rb1 Rxb1+ 41. Bxb1 Qxf6 42. Bxd3 Bxd3 43. Qxd3 e4 44. Qa6 f3 45. gxf3 Bh2+ 0-1

[Event "Titled Tuesday intern op 31st Aug"]
[Site "Chess.com INT"]
[Date "2021.08.31"]
[Round "1"]
[White "Fier, Alexandr"]
[Black "Thing, Bibek"]
[Result "1-0"]
[WhiteElo "2558"]
[BlackElo "2190"]
[PlyCount "35"]
[EventDate "2021.08.31"]
[EventType "swiss (blitz)"]
[EventRounds "11"]
[EventCountry "USA"]
[SourceTitle "EXT 2022"]
[Source "ChessBase"]
[SourceDate "2021.10.06"]
[SourceVersion "1"]
[SourceVersionDate "2021.10.06"]
[SourceQuality "1"]

1. d4 Nf6 2. c4 g6 3. Nc3 d5 4. cxd5 Nxd5 5. h4 c5 6. Na4 Nc6 7. e4 Nf6 8. d5 Ne5 9. f4 Neg4 10. Nc3 e5 11. Nf3 Bd6 12. Bb5+ Bd7 13. 0-0 0-0 14. fxe5 Nxe5 15. Bg5 Bg4 16. Be2 Nxf3+ 17. Bxf3 Bxf3 18. Qxf3 1-0

[Event "Titled Tuesday intern op 31st Aug"]
[Site "Chess.com INT"]
[Date "2021.08.31"]
[Round "5"]
[White "Schrik, Rachid"]
[Black "Thing, Bibek"]
[Result "0-1"]
[WhiteElo "2198"]
[BlackElo "2190"]
[PlyCount "112"]
[EventDate "2021.08.31"]
[EventType "swiss (blitz)"]
[EventRounds "11"]
[EventCountry "USA"]
[SourceTitle "EXT 2022"]
[Source "ChessBase"]
[SourceDate "2021.10.06"]
[SourceVersion "1"]
[SourceVersionDate "2021.10.06"]
[SourceQuality "1"]

1. d4 d5 2. c4 c6 3. cxd5 cxd5 4. Bf4 Nf6 5. Nc3 Nc6 6. e3 Bd7 7. Bd3 e6 8. h3 Bb4 9. Rc1 0-0 10. a3 Be7 11. Nf3 a6 12. 0-0 b5 13. Bb1 b4 14. axb4 Nxb4 15. Na4 Bb5 16. Re1 Rc8 17. Nc5 Qb6 18. Na4 Qa7 19. Qb3 Ne4 20. Bxe4 dxe4 21. Ne5 Nd3 22. Nxd3 exd3 23. Rxc8 Rxc8 24. Nc3 Bc4 25. Qa4 Qb7 26. Rb1 Bb3 27. Qa5 d2 28. e4 h6 29. Bxd2 Bc2 30. Rc1 Qxb2 31. Qa1 Qxa1 32. Rxa1 Bb4 33. Nb1 Bxb1 34. Bxb4 Bxe4 35. Rxa6 Rc1+ 36. Kh2 Rd1 37. Bc5 Rd2 38. Kg3 Kh7 39. f3 Bd5 40. Ra7 Kg6 41. Rd7 Bc4 42. Rd8 Bf1 43. Rg8 Kf5 44. Kh4 Rxg2 45. Bf8 g5+ 46. Kh5 Rh2 47. Kxh6 Rxh3+ 48. Kg7 Rxf3 49. Kxf7 g4 50. Bd6 Bc4 51. Be5 Ke4+ 52. Ke7 Rh3 53. Rxg4+ Kd5 54. Rg7 Ra3 55. Rg1 Bd3 56. Kf6 Ra7 0-1

[Event "Titled Tuesday intern op 31st Aug"]
[Site "Chess.com INT"]
[Date "2021.08.31"]
[Round "6"]
[White "Thing, Bibek"]
[Black "Priyanka, K."]
[Result "1-0"]
[WhiteElo "2190"]
[BlackElo "2218"]
[PlyCount "51"]
[EventDate "2021.08.31"]
[EventType "swiss (blitz)"]
[EventRounds "11"]
[EventCountry "USA"]
[SourceTitle "EXT 2022"]
[Source "ChessBase"]
[SourceDate "2021.10.06"]
[SourceVersion "1"]
[SourceVersionDate "2021.10.06"]
[SourceQuality "1"]

1. e4 c5 2. Be2 d6 3. f4 g6 4. Nf3 Bg7 5. 0-0 Nc6 6. d3 Nh6 7. c3 0-0 8. Qe1 e5 9. fxe5 dxe5 10. Bg5 Qc7 11. Qh4 Ng4 12. h3 f6 13. Bd2 g5 14. Qh5 Nh6 15. Na3 Qf7 16. Qxf7+ Nxf7 17. Nb5 a6 18. Nc7 Rb8 19. Nh2 b5 20. Ng4 Nd6 21. Nd5 Ne8 22. Be3 h5 23. Nh2 h4 24. Bxc5 Rf7 25. Bh5 Rd7 26. Bxe8 1-0

[Event "Titled Tuesday intern op 31st Aug"]
[Site "Chess.com INT"]
[Date "2021.08.31"]
[Round "10"]
[White "Thing, Bibek"]
[Black "Tanenbaum, Zachary Chen"]
[Result "0-1"]
[WhiteElo "2190"]
[BlackElo "2134"]
[PlyCount "140"]
[EventDate "2021.08.31"]
[EventType "swiss (blitz)"]
[EventRounds "11"]
[EventCountry "USA"]
[SourceTitle "EXT 2022"]
[Source "ChessBase"]
[SourceDate "2021.10.06"]
[SourceVersion "1"]
[SourceVersionDate "2021.10.06"]
[SourceQuality "1"]

1. e4 e5 2. Nf3 Nc6 3. Bc4 Nf6 4. d3 Be7 5. a4 0-0 6. a5 a6 7. 0-0 d6 8. c3 Be6 9. Nbd2 h6 10. Re1 Qd7 11. Bb3 Bxb3 12. Qxb3 Nh5 13. Nc4 Kh8 14. Ne3 Nf4 15. Qc2 g6 16. Nd5 g5 17. Ne3 g4 18. Nd2 Bg5 19. Nf5 Ne7 20. Nxe7 Qxe7 21. Nf1 f5 22. exf5 Rxf5 23. Ne3 Rff8 24. Nxg4 Ne6 25. Ra4 Rg8 26. Nxh6 Bxh6 27. Bxh6 Nc5 28. Rb4 Qh7 29. Be3 Nxd3 30. Rh4 Rxg2+ 31. Kf1 Qxh4 32. Qxd3 Rag8 33. Ke2 Rf8 34. Rf1 Qg4+ 35. Ke1 Qf5 36. Qd5 Qb1+ 37. Ke2 Qxb2+ 38. Bd2 Qb5+ 39. Qxb5 axb5 40. h4 Rh2 41. Bg5 d5 42. Be3 Rxh4 43. Rb1 c6 44. Ra1 Ra4 45. Rh1+ Kg7 46. Bh6+ Kf7 47. Bxf8 Kxf8 48. Rh8+ Ke7 49. Rh7+ Kd6 50. Rxb7 Rxa5 51. Kd3 Ra3 52. Kc2 Ra2+ 53. Kb3 Rxf2 54. Rb8 e4 55. Rd8+ Kc5 56. Re8 Rf3 57. Kc2 Kc4 58. Re6 c5 59. Kd2 Rxc3 60. Re8 Rd3+ 61. Kc2 e3 62. Re7 d4 63. Kb2 Rd2+ 64. Kc1 Kc3 65. Rc7 c4 66. Kb1 e2 67. Re7 Rd1+ 68. Ka2 e1Q 69. Re2 Qxe2+ 70. Ka3 Ra1# 0-1

[Event "Titled Tuesday intern op 31st Aug"]
[Site "Chess.com INT"]
[Date "2021.08.31"]
[Round "4"]
[White "Thing, Bibek"]
[Black "Thomas, Anysia"]
[Result "0-1"]
[WhiteElo "2190"]
[BlackElo "2170"]
[PlyCount "96"]
[EventDate "2021.08.31"]
[EventType "swiss (blitz)"]
[EventRounds "11"]
[EventCountry "USA"]
[SourceTitle "EXT 2022"]
[Source "ChessBase"]
[SourceDate "2021.10.06"]
[SourceVersion "1"]
[SourceVersionDate "2021.10.06"]
[SourceQuality "1"]

1. e4 c5 2. Nc3 g6 3. f4 Nc6 4. Nf3 Bg7 5. Bb5 Nd4 6. Bc4 e6 7. 0-0 Ne7 8. d3 0-0 9. Be3 d5 10. exd5 exd5 11. Bb3 Nxf3+ 12. Qxf3 d4 13. f5 Nxf5 14. Bd2 dxc3 15. bxc3 a5 16. Rae1 Ra6 17. a4 Qc7 18. Bf4 Qc6 19. Bd5 Qxa4 20. g4 Nh4 21. Qg3 Qd7 22. Bc4 b5 23. Ba2 Qxg4 24. Re7 Qxg3+ 25. Bxg3 Nf5 26. Rc7 Bxc3 27. Kg2 Ne3+ 28. Kf2 Nxf1 29. Kxf1 Bh3+ 30. Kf2 Bd4+ 31. Ke2 Re8+ 32. Kd2 Be6 33. Bb1 Bd5 34. c3 Be3+ 35. Kd1 Rae6 36. c4 bxc4 37. dxc4 Bxc4 38. Ra7 Bb3+ 39. Ke2 c4 40. Rb7 Bf4+ 41. Kf3 Bxg3 42. hxg3 Re3+ 43. Kf4 Kg7 44. g4 a4 45. g5 c3 46. Rc7 c2 47. Bxc2 Bxc2 48. Rxc2 R8e4# 0-1

[Event "Online Olym Div3 A"]
[Site "Chess.com INT"]
[Date "2021.08.29"]
[Round "9.1"]
[White "Liyanage, Ranindu Dilshan"]
[Black "Thing, Bibek"]
[Result "1/2-1/2"]
[WhiteElo "2203"]
[BlackElo "2190"]
[PlyCount "131"]
[EventDate "2021.08.27"]
[EventType "team-tourn (rapid)"]
[EventRounds "9"]
[EventCountry "USA"]
[SourceTitle "CBM 204 Extra"]
[Source "ChessBase"]
[SourceDate "2021.11.30"]
[SourceVersion "1"]
[SourceVersionDate "2021.11.30"]
[SourceQuality "1"]
[WhiteTeam "Sri Lanka"]
[BlackTeam "Nepal"]
[WhiteTeamCountry "SRI"]
[BlackTeamCountry "NEP"]

1. e4 e5 2. Nf3 Nc6 3. d4 exd4 4. Nxd4 Nf6 5. Nxc6 bxc6 6. e5 Qe7 7. Qe2 Nd5 8. h4 g6 9. Bg5 Qc5 10. h5 Be7 11. Bxe7 Qxe7 12. hxg6 fxg6 13. Nd2 Rb8 14. Nb3 a5 15. a4 0-0 16. 0-0-0 Qb4 17. Rd4 Qe7 18. Rdh4 Rf7 19. Qe4 Rb4 20. Qxg6+ Rg7 21. Qh6 Qxe5 22. Bd3 Rxh4 23. Qxh4 Qf4+ 24. Qxf4 Nxf4 25. Be4 Nxg2 26. Nxa5 Nf4 27. Nb3 Re7 28. Bf5 Rf7 29. Bg4 Nd5 30. f3 Ne3 31. Bh5 Rf5 32. a5 Nc4 33. Bg4 Rb5 34. Re1 Kf8 35. a6 Bxa6 36. Bxd7 Ne5 37. Bh3 Ng6 38. Nd4 Ra5 39. Nxc6 Ra1+ 40. Kd2 Rxe1 41. Kxe1 Bb7 42. Nd4 Ke7 43. Kf2 Ne5 44. b4 Bd5 45. Bf5 h5 46. Kg3 Kf6 47. Bc8 Nc4 48. Nb5 c6 49. Nc3 Ne3 50. Bb7 Nxc2 51. b5 Nd4 52. b6 Ke5 53. Ba6 Kd6 54. b7 Kc7 55. Na4 Nf5+ 56. Kf4 Nd6 57. Nc5 h4 58. Kg4 h3 59. Kxh3 Bxf3 60. Kg3 Bd5 61. Kf4 Bc4 62. Ke5 Bxa6 63. b8Q+ Kxb8 64. Nxa6+ Kb7 65. Kxd6 c5 66. Nxc5+ 1/2-1/2

[Event "Titled Tuesday intern op 17th Aug"]
[Site "Chess.com INT"]
[Date "2021.08.17"]
[Round "4"]
[White "Strybuk, Artsiom I"]
[Black "Thing, Bibek"]
[Result "1-0"]
[WhiteElo "2241"]
[BlackElo "2190"]
[PlyCount "185"]
[EventDate "2021.08.17"]
[EventType "swiss (blitz)"]
[EventRounds "11"]
[EventCountry "USA"]
[SourceTitle "EXT 2022"]
[Source "ChessBase"]
[SourceDate "2021.10.06"]
[SourceVersion "1"]
[SourceVersionDate "2021.10.06"]
[SourceQuality "1"]

1. d4 Nf6 2. c4 g6 3. g3 d5 4. cxd5 Bg7 5. Bg2 Nxd5 6. Nf3 0-0 7. 0-0 Bf5 8. Nc3 Nxc3 9. bxc3 Be4 10. Bh3 c6 11. Nd2 Bf5 12. Bg2 Nd7 13. e4 Be6 14. Bb2 Nb6 15. Qe2 Na4 16. Rfb1 Rb8 17. Qd3 c5 18. d5 b5 19. Qe3 Bd7 20. Nb3 b4 21. e5 Bf5 22. cxb4 Bxb1 23. Rxb1 c4 24. Nc5 Rxb4 25. Nxa4 Rxa4 26. a3 Qb6 27. Qxb6 axb6 28. f4 Rc8 29. Bc1 Ra6 30. Bf1 f6 31. e6 f5 32. Rb4 Ra5 33. Bg2 Bc3 34. Rb1 Bd4+ 35. Kf1 c3 36. Ke2 c2 37. Rb3 Rac5 38. Kd3 Rc3+ 39. Rxc3 Bxc3 40. Kxc2 Bd4+ 41. Kd1 Bc5 42. Bf1 Bd6 43. Be3 Rb8 44. a4 Kf8 45. Bb5 Rb7 46. Bd4 Bc5 47. Be5 Ra7 48. Ke2 Bd6 49. Bd4 Bc5 50. Be5 Rb7 51. Kd3 Bd6 52. Bd4 Bc5 53. Be5 Bd6 54. Bc3 h6 55. Bc6 Ra7 56. h3 g5 57. fxg5 hxg5 58. g4 f4 59. Ke4 Bc5 60. Be5 Bd6 61. Bd4 Bc5 62. Bc3 Ra6 63. Bb5 Ra7 64. Be5 Ra8 65. h4 gxh4 66. Kxf4 Bd6 67. Bxd6 exd6 68. g5 Ke7 69. Kg4 Rh8 70. Kh3 Rh5 71. Bc6 Rxg5 72. Kxh4 Re5 73. Kg4 Re4+ 74. Kf3 Rb4 75. Ke3 Rh4 76. Kd3 Rh5 77. Kc4 Rh1 78. Kb5 Rb1+ 79. Ka6 Rb2 80. Kb7 Rb1 81. Bb5 Rb2 82. Kxb6 Rd2 83. Kc6 Rc2+ 84. Kb7 Rd2 85. Kc6 Rc2+ 86. Kb6 Rd2 87. a5 Rxd5 88. a6 Rc5 89. a7 Rc8 90. Kb7 Rh8 91. Bc4 Kf6 92. a8Q Ke5 93. Qxh8+ 1-0

[Event "Titled Tuesday intern op 17th Aug"]
[Site "Chess.com INT"]
[Date "2021.08.17"]
[Round "2"]
[White "Thing, Bibek"]
[Black "Hartikainen, Jarmo"]
[Result "1-0"]
[WhiteElo "2190"]
[BlackElo "2142"]
[PlyCount "71"]
[EventDate "2021.08.17"]
[EventType "swiss (blitz)"]
[EventRounds "11"]
[EventCountry "USA"]
[SourceTitle "EXT 2022"]
[Source "ChessBase"]
[SourceDate "2021.10.06"]
[SourceVersion "1"]
[SourceVersionDate "2021.10.06"]
[SourceQuality "1"]

1. e4 c5 2. Nf3 Nc6 3. g3 g6 4. Bg2 Bg7 5. 0-0 e6 6. c3 Nge7 7. d4 cxd4 8. Nxd4 0-0 9. Nb5 d5 10. Bg5 f6 11. Bf4 e5 12. exd5 exf4 13. dxc6 bxc6 14. Nd6 fxg3 15. hxg3 Be6 16. Re1 Bd5 17. Bxd5+ Nxd5 18. Ne4 f5 19. Nc5 Re8 20. Nd2 Rxe1+ 21. Qxe1 Qe7 22. Qxe7 Nxe7 23. Re1 Kf7 24. Nc4 Rd8 25. Ne6 Rd7 26. Ng5+ Kg8 27. Re6 h6 28. Nf3 Kf7 29. Re1 g5 30. Nfe5+ Ke8 31. Nxd7 Kxd7 32. Kg2 Nd5 33. Ne3 f4 34. Nxd5 cxd5 35. gxf4 gxf4 36. Kf3 1-0

[Event "Titled Tuesday intern op 17th Aug"]
[Site "Chess.com INT"]
[Date "2021.08.17"]
[Round "10"]
[White "Thing, Bibek"]
[Black "Iskusnyh, Sergei"]
[Result "1/2-1/2"]
[WhiteElo "2190"]
[BlackElo "2473"]
[PlyCount "141"]
[EventDate "2021.08.17"]
[EventType "swiss (blitz)"]
[EventRounds "11"]
[EventCountry "USA"]
[SourceTitle "EXT 2022"]
[Source "ChessBase"]
[SourceDate "2021.10.06"]
[SourceVersion "1"]
[SourceVersionDate "2021.10.06"]
[SourceQuality "1"]

1. e4 e6 2. d4 d5 3. Nc3 Nf6 4. e5 Nfd7 5. f4 c5 6. Nf3 Nc6 7. Be3 Rb8 8. Qd2 Qa5 9. Be2 b5 10. 0-0 b4 11. Nd1 cxd4 12. Nxd4 Nxd4 13. Bxd4 Bc5 14. Kh1 Ba6 15. Bxa6 Qxa6 16. Ne3 Qb6 17. c3 bxc3 18. bxc3 Qb2 19. Qd1 0-0 20. f5 Bxd4 21. cxd4 Qc3 22. fxe6 fxe6 23. Qg4 Rfe8 24. Nxd5 exd5 25. Qxd7 Qxd4 26. Rae1 h6 27. e6 Qh4 28. Qf7+ Kh8 29. e7 d4 30. h3 d3 31. Qd5 Rxe7 32. Rxe7 Qxe7 33. Qxd3 Rd8 34. Qf3 Qe5 35. Qa3 a5 36. Qf3 Qd4 37. Qf4 a4 38. Qxd4 Rxd4 39. Rf8+ Kh7 40. Ra8 Kg6 41. Kh2 Kf6 42. Ra5 g6 43. Kh1 h5 44. Kh2 h4 45. Kh1 g5 46. Kh2 g4 47. hxg4 Rxg4 48. Kh3 Rg3+ 49. Kh2 Ra3 50. Rh5 Rxa2 51. Rxh4 a3 52. Ra4 Ra1 53. Kg3 Ke5 54. Ra8 Kd4 55. Kg4 Kc3 56. g3 Kb2 57. Kg5 Rc1 58. g4 Rc5+ 59. Kh6 Kb3 60. g5 Rc4 61. Rxa3+ Kxa3 62. g6 Rh4+ 63. Kg5 Rh1 64. g7 Kb4 65. Kf6 Rf1+ 66. Ke7 Rg1 67. Kf7 Rf1+ 68. Ke7 Rg1 69. Kf7 Kc5 70. g8Q Rxg8 71. Kxg8 1/2-1/2